LEADER 00832nam0-22003011i-450- 001 990001819850403321 005 20021010 035 $a000181985 035 $aFED01000181985 035 $a(Aleph)000181985FED01 035 $a000181985 100 $a20021010d--------km-y0itay50------ba 101 0 $aita 200 1 $aMisure sanitarie contro la rabbia in Napoli$fE. Fazio. 210 $aNapoli$c...$d1897. 215 $a616.953 300 $aEstr. da: Rivista internazionale d' igiene, 1897. 610 0 $aRabbia 676 $a616.953 700 1$aFazio,$bEugenio$05849 801 0$aIT$bUNINA$gRICA$2UNIMARC 901 $aBK 912 $a990001819850403321 952 $a60 DONO COMES 18/12$b37932$fFAGBC 959 $aFAGBC 996 $aMisure sanitarie contro la rabbia in Napoli$9412819 997 $aUNINA DB $aING01 LEADER 04285oam 2200601 c 450 001 996308821003316 005 20220221094418.0 010 $a3-8394-0845-8 024 7 $a10.14361/9783839408452 035 $a(CKB)3710000000482765 035 $a(OAPEN)1007607 035 $a(DE-B1597)461487 035 $a(OCoLC)1013961984 035 $a(OCoLC)953519092 035 $a(DE-B1597)9783839408452 035 $a(MiAaPQ)EBC5494298 035 $a(Au-PeEL)EBL5494298 035 $a(OCoLC)1049912546 035 $a(transcript Verlag)9783839408452 035 $a(MiAaPQ)EBC6955762 035 $a(Au-PeEL)EBL6955762 035 $a(EXLCZ)993710000000482765 100 $a20220221d2015 uy 0 101 0 $ager 135 $auuuuu---auuuu 181 $ctxt$2rdacontent 182 $cc$2rdamedia 183 $acr$2rdacarrier 200 10$aFrauenbewegung im Wandel der Generationen$eEine Studie u?ber Geschlechterkonstruktionen in biographischen Erza?hlungen$fChristine Thon 205 $a1st ed. 210 $aBielefeld$ctranscript Verlag$d2015 215 $a1 online resource (492) 225 0 $aGender Studies 311 $a3-89942-845-5 327 $aFrontmatter 1 Inhalt 5 1. Einleitung 9 2. "Wie weit flog die Tomate?" Bilanzierungsversuche der westdeutschen Frauenbewegung 16 3. Rebellische Mu?tter und unpolitische To?chter? Die Generationenperspektive in (Selbst-)Diskursen der Frauenbewegung 51 4. Generation 69 5. Biographie und Geschlecht 87 6. Pra?zisierung der Aufmerksamkeitsrichtungen fu?r die empirische Untersuchung 117 7. Methodologie und Methoden 123 8. Biographische Konstruktionskontexte 143 9. Zusammen-Leben. Lebensformen als Kontexte biographischer Konstruktionen 149 10. Berufs-Leben. Der Kontext professioneller Arbeit und die ,Verberuflichung' von Biographien 265 11. Anders leben. Kontexte fu?r die Selbstkonstruktion als Akteurin eines Wandels sozialer Verha?ltnisse 355 12. U?ber den Zusammenhang zwischen Frauenbewegung und intergenerationalem Wandel von Geschlechterkonstruktionen 434 Nachwort 461 Literatur 463 Transkriptionsnotation 489 Backmatter 490 330 $aWie hat die Neue Frauenbewegung Einfluss auf den Wandel von Geschlechterkonstruktionen genommen? Insbesondere im Vergleich a?lterer und ju?ngerer Frauengenerationen sind die Vera?nderungen unu?bersehbar. Diese empirische Studie rekonstruiert eklatante Umbru?che in Frauenbiographien u?ber je drei Familiengenerationen hinweg. Die Impulse der Frauenbewegung erweisen sich dabei als Bezugspunkte individueller Biographiekonstruktionen und intergenerationaler Interaktionen - nahezu unabha?ngig von der Na?he oder Distanz der Beteiligten zur Bewegung. Allerdings folgt die individuelle Bezugnahme ha?ufig eigenen Logiken, die mit den Intentionen der Frauenbewegung wenig gemein haben. 330 1 $a»[Die Autorin hat] einen insgesamt erhellenden historischen Abriss des 'schillernde[n] Gebilde[s] Frauenbewegung' vorgelegt, der insbesondere durch die kritische Auseinandersetzung mit bisherigen Historien der Frauenbewegung und deren unterschiedlichen Generationenkonzeptionen beeindruckt.« Rolf Lo?chel, www.literaturkritik.de, 6 (2008) »Die Interpretationen der biographischen Erza?hlungen fallen sehr ausfu?hrlich aus, enthalten interessante Gedankenga?nge und sind spannend zu lesen.« Mag. Bernadette Gotthardt, Querelles-Net, 26 (2008) 410 0$aGender Studies 606 $aGender; Frauenbewegung; Sozialer Wandel; Generation; Biographie; Zivilgesellschaft; Gender Studies; Soziale Bewegungen; Soziologie; Civil Society; Social Movements; Sociology; 610 $aCivil Society. 610 $aGender Studies. 610 $aSocial Movements. 610 $aSociology. 615 4$aGender; Frauenbewegung; Sozialer Wandel; Generation; Biographie; Zivilgesellschaft; Gender Studies; Soziale Bewegungen; Soziologie; Civil Society; Social Movements; Sociology; 676 $a305.42 686 $aMS 3000$2rvk 700 $aThon$b Christine$4aut$0955196 801 0$bDE-B1597 801 1$bDE-B1597 906 $aBOOK 912 $a996308821003316 996 $aFrauenbewegung im Wandel der Generationen$92160638 997 $aUNISA LEADER 02100nam0 22004933i 450 001 VAN0277885 005 20240717023255.401 017 70$2N$a9783030984953 100 $a20240613d2022 |0itac50 ba 101 $aeng 102 $aCH 105 $a|||| ||||| 200 1 $aMathematical Tools for Neuroscience$eA Geometric Approach$fRichard A. Clement 210 $aCham$cSpringer$d2022 215 $ax, 162 p.$cill.$d24 cm 410 1$1001VAN0104123$12001 $aLecture notes in morphogenesis$1210 $aBerlin [etc.]$cSpringer$d2014- 606 $a62P10$xApplications of statistics to biology and medical sciences; meta analysis [MSC 2020]$3VANC024649$2MF 606 $a92-XX$xBiology and other natural sciences [MSC 2020]$3VANC020839$2MF 606 $a92B20$xNeural networks for/in biological studies, artificial life and related topics [MSC 2020]$3VANC021414$2MF 610 $aArm Movements$9KW:K 610 $aBetti Numbers$9KW:K 610 $aColour Vision$9KW:K 610 $aDelay Embedding$9KW:K 610 $aEye Movements$9KW:K 610 $aFalling Cat$9KW:K 610 $aFibre Bundle Geodesic$9KW:K 610 $aHebbian Learning$9KW:K 610 $aHeteroclinic Cycles$9KW:K 610 $aHopf bifurcation$9KW:K 610 $aMorse theory$9KW:K 610 $aNeural Integrator$9KW:K 610 $aSlow-fast System$9KW:K 610 $aVisual Cortex$9KW:K 620 $aCH$dCham$3VANL001889 700 1$aClement$bRichard A.$3VANV230423$01223162 712 $aSpringer $3VANV108073$4650 801 $aIT$bSOL$c20240719$gRICA 856 4 $uhttps://doi.org/10.1007/978-3-030-98495-3$zE-book ? Accesso al full-text attraverso riconoscimento IP di Ateneo, proxy e/o Shibboleth 899 $aBIBLIOTECA DEL DIPARTIMENTO DI MATEMATICA E FISICA$1IT-CE0120$2VAN08 912 $fN 912 $aVAN0277885 950 $aBIBLIOTECA DEL DIPARTIMENTO DI MATEMATICA E FISICA$d08CONS e-Book 8808 $e08eMF8808 20240618 996 $aMathematical Tools for Neuroscience$92837479 997 $aUNICAMPANIA